000 00706nam a2200289Ia 4500
005 20260324123737.0
008 008 260324s9999 xx 000 0 eng d
020 _a9781315300276
037 _aEBOOK
040 _aCRL
040 _beng
040 _cCRL
041 _2eng
041 _aeng
084 _qCRL
100 _aMichael K. Levine
_91153508
245 2 _aA Tale of Two Transformations
245 0 _bBringing Lean and Agile Software Development to Life
260 _bTaylor and Francis
260 _c2011
365 _a
365 _b70.99
856 _uhttp://www.taylorfrancis.com/books/9781315300276
942 _cEBOOK
999 _c1765263
_d1765263